www.type

Bibliographic Details
Main Author: Pring, Roger
Format: Book
Language:English
Published: New York : Watson-Guptill Publications , 2000
Subjects:

MARC

LEADER 00000cam a2200000 7i4500
001 0000014902
005 20230703.0
008 050128 nyu eng
020 |a 0823058603 
040 |a INS 
090 0 0 |a TK5105   |b .P75 2000 
100 1 |a Pring, Roger 
245 1 0 |a www.type   |c Roger Pring 
260 |a New York :   |b Watson-Guptill Publications ,   |c 2000 
300 |a 192 p. :   |b col. ill. ;   |c 24 cm. 
500 |a Includes index 
650 0 |a Web site   |x Design 
999 |a 0000011403   |b BOOK   |c Open Shelf   |e Default branch